00366nam a22001217a 4500020001700000040000900017082001600026100002100042245009600063260003100159300003400190700002000224 a978119551089 cNUST a610.28bRAH aRahaman, Mohamed aMaterials for Biomedical Engineering ;bfundamentals and applications :cMohamed N. Rahaman aUSA :bJohn Wiley ,c2022. a692p. ;bHardbinding ,c28cm. aBrown, Roger F.